00973 am a2200289ua 45000010005000000030006000050050017000110080041000280200015000690200018000840400016001020820017001180820017001351000022001522450124001742600036002983000046003343360021003803370025004013380023004265050007004495200115004565210018005715210018005896530048006077000028006551985FISKH20250612101543.0850821s1984 enka j| |||| 1|eng  a0590468944 a9780590468947 aUkcUkbeng04a823/.9/121804a823/.9142191 aWood, Don,d1945-14aThe little mouse, the red ripe strawberry, and the big hungry bear /cby Don and Audrey Wood ; illustrated by Don Wood. aNew York : bScholastic,c1984. a32 pages :bcolor illustrations ; c25 cm atext2rdacontent aunmediated2rdamedia avolume2rdacarrier aK  aLittle Mouse worries that the big, hungry bear will take his freshly picked, ripe, red strawberry for himself.8 a510 bLexile 8 aK bRaz-Plus  aChildren's stories in Englisha1945-aTexts1 aWood, Doneillustrator